[Event "CRI-ch qual"]
[Site "San Jose"]
[Date "2005.06.11"]
[Round "1"]
[White "Alvarado, Dizan Ernesto"]
[Black "Gonzalez Acosta, Jaime Roy"]
[Result "1/2-1/2"]
[WhiteElo "2003"]
[BlackElo "2099"]
[PlyCount "111"]
[EventDate "2005.06.??"]
[EventType "swiss"]
[EventRounds "9"]
[EventCountry "CRI"]
[SourceTitle "EXT 2006"]
[Source "ChessBase"]
[SourceDate "2005.11.24"]
[SourceVersion "1"]
[SourceVersionDate "2005.11.24"]
[SourceQuality "1"]

1. e4 c5 2. c4 g6 3. Nc3 Bg7 4. g3 d6 5. Bg2 Nc6 6. Nge2 e6 7. d3 Nge7 8. h4 Qd7 9. h5 b6 10. Be3 Bb7 11. Qd2 Ne5 12. f4 Ng4 13. Bg1 0-0-0 14. d4 f5 15. hxg6 hxg6 16. Rxh8 Bxh8 17. 0-0-0 e5 18. fxe5 cxd4 19. Nxd4 dxe5 20. Ndb5 Qxd2+ 21. Rxd2 Rxd2 22. Kxd2 Kb8 23. c5 Nc8 24. cxb6 axb6 25. Bh3 Bf6 26. Bxg4 fxg4 27. Be3 Bc6 28. Kd3 Kb7 29. Bh6 Be7 30. a4 Nd6 31. Bg7 Nf7 32. Kc4 Ng5 33. Bxe5 Nxe4 34. Nxe4 Bxe4 35. Nd6+ Bxd6 36. Bxd6 Kc6 37. Bf4 Bf3 38. b4 Be2+ 39. Kd4 Bd1 40. a5 bxa5 41. bxa5 Kb5 42. Bc7 Bc2 43. Ke5 Bf5 44. Kf4 Ka6 45. Bb6 Kb5 46. Kg5 Ka6 47. Kf6 Kb5 48. Ke5 Ka6 49. Kd6 Kb5 50. Kc7 Ka6 51. Kb8 Be4 52. Bc7 Bf5 53. Bb6 Be4 54. Kc7 Bf5 55. Kd6 Be4 56. Ke5 1/2-1/2

[Event "San Jose zt 2.3.c2"]
[Site "San Jose"]
[Date "2004.09.07"]
[Round "4"]
[White "Alvarado, Dizan Ernesto"]
[Black "Ugalde Garcia, Ronald"]
[Result "0-1"]
[WhiteElo "2105"]
[BlackElo "2165"]
[PlyCount "72"]
[EventDate "2004.09.05"]
[EventType "swiss"]
[EventRounds "9"]
[EventCountry "CRI"]
[SourceTitle "CBM 102 Extra"]
[Source "ChessBase"]
[SourceDate "2004.11.03"]
[SourceVersion "1"]
[SourceVersionDate "2004.11.03"]
[SourceQuality "1"]

1. c4 Nf6 2. Nc3 c5 3. g3 Nc6 4. Bg2 e6 5. e4 Be7 6. Nge2 e5 7. 0-0 d6 8. d3 Be6 9. h3 Qd7 10. Kh2 h5 11. f4 g6 12. a3 0-0-0 13. Rb1 Nd4 14. fxe5 dxe5 15. Nd5 Bxd5 16. cxd5 Kb8 17. b4 h4 18. g4 cxb4 19. Nxd4 exd4 20. Bf4+ Ka8 21. d6 Bxd6 22. e5 Bb8 23. Rxb4 Nd5 24. Rxd4 Qb5 25. a4 Qb2 26. Rxd5 Rxd5 27. Qf3 Rhd8 28. Rf2 Qd4 29. Bg5 R8d7 30. Kh1 Qxe5 31. Bf4 Qxf4 32. Qxf4 Bxf4 33. Rxf4 Rxd3 34. Rb4 a6 35. Rb6 Ka7 36. Rb4 R3d4 0-1